• 首页
  • 本馆介绍
  • 公告通知
  • 最新文献
  • 馆藏检索
  • 电子资源
  • 读者导购
  • 参考咨询
  • 我的图书馆
  • 登录
  • 详细信息显示
  • 放入我的书架
  • 预约/预借图书
  • 作者相关作品
  • 分类相关作品
  • 丛书相关作品
  • 出版社相关作品

书目信息

  • 表格格式
  • 工作单格式
  • 卡片格式
题名:
科学社会主义理论在中国的实践与创新
    
 
作者: 李坤云 主编
分册:  
出版信息: 长沙   国防科技大学出版社  2002
页数: 515页
开本: 20cm
丛书名:
单 册:
中图分类: D0-0
科图分类:
主题词: 科学社会主义理论--研究 , 社会主义建设模式--研究--中国 , CT--S043356--科学社会主义理论 , CT--S065573--社会主义建设模式
电子资源:
ISBN: 7-81024-827-8
000 00944nam0 2200265 45
001 0102901013
005 20031219104119.1
010    @a7-81024-827-8@dCNY26.00
100    @a20020929d2002 emky0chiy0110 ea
101 0  @achi
102    @aCN@b430000
105    @ay z 000yy
106    @ar
200 1  @a科学社会主义理论在中国的实践与创新@9ke xue she hui zhu yi li lun zai zhong guo de shi jian yu chuang xin@f李坤云等主编
210    @a长沙@c国防科技大学出版社@d2002
215    @a515页@d20cm
330    @a本书主要论述了:社会主义理论从空想到科学、从理论到实践的两次转变;科学社会主义在中国的传播;科学社会主义理论在中国实践的组织领导者等。
606 0  @a科学社会主义理论@x研究
606 0  @a社会主义建设模式@x研究@y中国
606 0  @2CT@3S043356@a科学社会主义理论
606 0  @2CT@3S065573@a社会主义建设模式
690    @aD0-0@v4
701  0 @a李坤云@9li kun yun@4主编
801    @aCN@bTSTC@c20030928
905    @b326478-483@dD0-0@e102@f6
    
    科学社会主义理论在中国的实践与创新/李坤云等主编.-长沙:国防科技大学出版社,2002
    515页;20cm
    
    
    ISBN 7-81024-827-8:CNY26.00
    本书主要论述了:社会主义理论从空想到科学、从理论到实践的两次转变;科学社会主义在中国的传播;科学社会主义理论在中国实践的组织领导者等。
●
相关链接 在E读中查询图书 在五车中查询图书 在当当中查询图书 在豆瓣中查询图书


正题名:科学社会主义理论在中国的实践与创新     索取号:D0-0/102         预约/预借

序号 登录号 条形码 馆藏地/架位号 状态 备注
1 0326478   203264788   第一借阅区/ [索取号:D0-0/102] 在馆    
2 0326479   203264797   第一借阅区/ [索取号:D0-0/102] 在馆    
3 0326480   203264804   第一借阅区/ [索取号:D0-0/102] 在馆    
4 0326481   203264813   第一借阅区/ [索取号:D0-0/102] 在馆    
5 0326482   203264822   第一借阅区/ [索取号:D0-0/102] 在馆    
6 0326483   203264831   第一样本阅览室/ [索取号:D0-0/102] 在馆    
唐山师范学院图书馆 欢迎您!
大连网信软件有限公司© 版权所有